书目信息 |
| 题名: |
能量代谢
|
|
| 作者: | Ball , 鲍尔 著 ;张维钦 译 | |
| 分册: | ||
| 出版信息: | 北京 科学出版社 1979 |
|
| 页数: | 95页 | |
| 开本: | 19cm | |
| 丛书名: | ||
| 单 册: | ||
| 中图分类: | Q591.8 | |
| 科图分类: | ||
| 主题词: | 生物化学-能量代谢 , 能量代谢-生物化学 | |
| 电子资源: | ||
| ISBN: | ||
| 000 | 00765nam0 2200277 45 | |
| 001 | 0179002481 | |
| 005 | 20060810085139.34 | |
| 010 | @dCNY0.35 | |
| 091 | @a13031.954 | |
| 100 | @a19950727d1979 em y0chiy0121 ea | |
| 101 | 1 | @achi@ceng |
| 102 | @aCN@b110000 | |
| 105 | @ay z 000yy | |
| 200 | 10 | @a能量代谢@Aneng liang dai xie@f(美)鲍尔(E.G.Ball)著@g张维钦译 |
| 210 | @a北京@c科学出版社@d1979 | |
| 215 | @a95页@d19cm | |
| 300 | @a书名原文:Energy metabolism | |
| 510 | 1 | @aEnergy metabolism@zeng |
| 606 | @a生物化学-能量代谢 | |
| 606 | @a能量代谢-生物化学 | |
| 690 | @aQ591.8@v3 | |
| 701 | A1 | @aBall@bE.G.@4著 |
| 701 | 1 | @a鲍尔@Abao er@bE.G.@4著 |
| 702 | 0 | @a张维钦@Azhang wei qin@4译 |
| 801 | 0 | @aCN@bTSSF@c20060810 |
| 905 | @a10447@dQ591.8@e107 | |
| 能量代谢/(美)鲍尔(E.G.Ball)著/张维钦译.-北京:科学出版社,1979 |
| 95页;19cm |
| 书名原文:Energy metabolism |
| ISBN :CNY0.35 |
| ● |
| 相关链接 |
|
|
|
|
正题名:能量代谢
索取号:Q591.8/107
 
预约/预借
| 序号 | 登录号 | 条形码 | 馆藏地/架位号 | 状态 | 备注 |
| 1 | 0439183 | 204391835 | 密集书库/ [索取号:Q591.8/107] | 在馆 | |
| 2 | 0452056 | 204520562 | 密集书库/ [索取号:Q591.8/107] | 在馆 | |
| 3 | 0452057 | 204520571 | 密集书库/ [索取号:Q591.8/107] | 在馆 |